Austin Powers in Goldmember Cameos - Statistics

General Stats
  • This quiz has been taken 8 times
  • The average score is 7 of 16
Answer Stats
Role Person % Correct
Himself as Austin Powers Tom Cruise
100%
Himself as Mini-Me Danny DeVito
88%
Himself as Goldmember John Travolta
88%
Herself as Fembot Britney Spears
75%
Herself as Dixie Normous Gwyneth Paltrow
63%
Himself as Dr. Evil Kevin Spacey
63%
Himself Steven Spielberg
63%
Mysterious Disco Man Nathan Lane
38%
Himself Quincy Jones
38%
Himself Ozzy Osbourne
25%
Himself Burt Bacharach
13%
Herself Sharon Osbourne
13%
Himself Jack Osbourne
0%
Georgia State Prison Guard Kate Couric
0%
Herself Kelly Osbourne
0%
Himself Willie Nelson
0%
No matching quizzes found
Score Distribution
Percent of People with Each Score
Percentile by Number Answered
Your Score History
You have not taken this quiz